History Quiz

Random History or Grab Bag Quiz

Countries Liberated by Bolívar Quiz Stats

 Plays Quiz Updated Dec 2, 2016

Support Sporcle.
Go Orange.
Score 0/6 Timer 02:00
5 Plays Today
% Correct
Peru
92.5%
Colombia
90.4%
Bolivia
84%
Ecuador
80.9%
Venezuela
80.5%
Panama
34.2%

You're not logged in!

Compare scores with friends on all Sporcle quizzes.
OR
Log In

From the Vault

5-Letter Songs (A-Z)

by MSUKent

We've got 25 answers but an 'X' ain't one.
Remove Ads.
Support Sporcle.
Get the best of Sporcle when you Go Orange. This ad-free experience offers more features, more stats, and more fun while also helping to support Sporcle. Thank you for becoming a member.

Show Comments

Extras

Top Quizzes Today


Score Distribution

Your Account Isn't Verified!

In order to create a playlist on Sporcle, you need to verify the email address you used during registration. Go to your Sporcle Settings to finish the process.

Report this User

Report this user for behavior that violates our Community Guidelines.

Details: